Statistics for French Vocabulary - Medium

Click here to take the quiz!

General Stats

  • This quiz has been taken 87 times
    (82 since last reset)
  • The average score is 6 of 20

Answer Stats

HintAnswer% Correct
DrySec
85%
PathChemin / Sentier
55%
BusyOccupé / Chargé
48%
HeightHauteur / Taille
47%
GuiltyCoupable
38%
DelightedRavi / Enchanté
38%
To climbGrimper / Escalader
37%
WideLarge
30%
The growthLa croissance
27%
MadnessDémence / Folie
23%
TinyMinuscule / Infime
23%
StubbornTêtu
22%
AccuratePrécis
20%
GrossDégoutant / Dégueulasse
18%
BrightLumineux
18%
To gatherRassembler / Recueillir
18%
GentleDoux / Tendre
17%
ClumsyMaladroit
15%
BoldAudacieux
10%
PickyDifficile / Pointilleux / Sélectif
7%

Score Distribution

Percentile by Number Answered

Percent of People with Each Score

Your Score History

You have not taken this quiz since the last reset